Statistics for Top 100 tennis atp players (03/09/22

Click here to take the quiz!

General Stats

  • This quiz has been taken 105 times
  • The average score is 53 of 100

Answer Stats

HintAnswer% Correct
Russia1Daniil Medvedev
99%
Serbia6Novak Djokovic
97%
Spain3Rafael Nadal
97%
Spain4Carlos Alcaraz
96%
Norway7Casper Ruud
96%
Germany2Alexander Zverev
94%
Greece5Stefanos Tsitsipas
94%
Russia11Andrey Rublev
90%
Great Britain9Cameron Norrie
90%
Italy13Jannik Sinner
90%
Poland10Hubert Hurkacz
89%
Australia25
Nick Krgios
87%
Canada21Denis Shapovalov
86%
Bulgaria19Grigor Dimitrov
86%
Croatia17Marin Cilic
86%
Usa12Taylor Fritz
85%
Italy14Matteo Berrettini
83%
Australia20Alex De Minaur
82%
Argentina16Diego Schwartzmann
82%
Denmark33Holger Rune
82%
Usa26Frances Tiafoe
80%
Russia31Karen Khachanov
79%
Croatia29Borna Coric
77%
Great Britain
23Daniel Evans
76%
France
24Gael Monfils
75%
Spain15Pablo Carreno Busta
75%
Italy60Fabio Fognini
73%
Spain18Roberto Bautista Agut
73%
Usa48John Isner
72%
Georgia35Nikoloz Basilashvili
70%
Great Britain51Andy Murray
69%
Netherlands22Botic Van De Zandschulp
69%
Italy30Lorenzo Musetti
68%
Japan55Yoshito Nishioka
66%
Kazakhstan47Alex Bublik
65%
Russia38Aslan Karatsev
63%
Serbia36
Miomir Kecmanovic
61%
France91Richard Gasquet
61%
Italy63Lorenzo Sonego
59%
Usa34Tommy Paul
59%
Chile82Cristian Garin
58%
Belgium62David Goffin
58%
Argentina27Juan Manuel Cerundolo
55%
Sweden99Mikael Ymer
55%
Usa28Reilly Opelka
55%
France45Adrian Mannarino
54%
Serbia88Dusan Lajovic
54%
Australia70Thanasi Kokkinakis
54%
USA52Sebastian Korda
52%
Portugal59Joao Sousa
51%
RSA65LLoyd Harris
51%
Spain39Alejandro Davidovich Fokina
49%
Serbia64Laslo Djere
46%
Netherlands46Tallon Griekspoor
46%
Brazil67Thiago Monteiro
46%
Slovakia40Alex Molcan
44%
Hungary98
Marton Fucsovics
44%
Belarus73Ilya Ivashka
44%
Great Britain53Jack Draper
42%
Korea81Kwon Soonwoo
42%
Serbia44Filip Krajinovic
41%
USA56Marcus Giron
41%
Spain43Alberto Ramos Vinolas
39%
France50Benjamin Bonzi
39%
Argentina37Sebastian Baez
39%
USA42Jenson Brooksby
38%
Czechia61Jiri Lehecka
38%
Germany41Oscar Otte
38%
France58Arthur Rinderknech
37%
USa69Brandon Nakashima
37%
Argentina78Federico Coria
37%
Bolivia74Hugo Dellien
35%
USA77Mackenzie Mcdonald
35%
Colombia94D.E Galan
34%
France72Hugo Gaston
32%
Spain57Jaume Munar
32%
USA32Maxime Cressy
32%
Spain80Roberto Carballes Baeba
32%
Australia84Alexei Popyrin
30%
USA87JJ Wolf
30%
Spain54Pedro Martinez
30%
Czechia68Jiri Vesely
28%
Chile71Juan Tabilo
27%
France75Quentin Halys
27%
Japan95Taro Daniel
27%
Switzerland97Henri Laaksonen
25%
CanadaFelix-auger-aliassime8
24%
France76Constant Lestienne
23%
Peru100Juan pablo Varillas
23%
Taipei89Tseng
23%
Germany93Daniel Altmaier
21%
Spain79Bernabe Zapata Miralles
20%
Australia83James Duckworth
20%
Finland49Emil Ruusuvuori
17%
Spain92Pablo Andujar
17%
Usa96Denis Kudla
15%
Poland90Kamil Majchrzak
13%
Argentina66Pedro Cachin
13%
Switzerland85Marc-Andrea Husler
11%
Argentina86T.M Etcheverry
11%

Score Distribution

Percentile by Number Answered

Percent of People with Each Score

Your Score History

You have not taken this quiz